| 000 | 02736nam0a2200433 4500 | ||
|---|---|---|---|
| 001 | RU\NLR\BIBL_A\012737847 | ||
| 005 | 20220519162711.0 | ||
| 010 |
_a978-5-00171-879-6 _9500 |
||
| 021 |
_aRU _bКН-П-21-084226 _9КН-П-21-6713 |
||
| 035 | _a(NLR Aleph) 012737847 | ||
| 035 | _a(RuMoRGB)010906003 | ||
| 090 |
_a12992879 _c12992879 |
||
| 100 | _a20220323d2021 u y0rusy50 ca | ||
| 101 | 0 | _arus | |
| 102 | _aRU | ||
| 105 | _aa j 000zy | ||
| 181 | 0 |
_ai3 _baxxe |
|
| 181 | 0 |
_ab2 _bxb2e |
|
| 182 | 0 | _an | |
| 200 | 1 |
_aМеханика и электромеханика _eконструктор конспектов занятий педагогам дополнительного и дошкольного образования _fХаламов В.Н., Семенов Ф.И., Фролова Р.А. [и др.] _gнаучный руководитель: Комарова Е.С., кандидат педагогических наук _gМинистерство образования и науки Челябинской области, Государственное бюджетное образовательное учреждение дополнительного образования детей "Дом юношеского технического творчества" |
|
| 203 |
_aТекст _aИзображение _bвизуальные _cнепосредственные |
||
| 210 |
_aМосква _cПеро _d2021 |
||
| 215 |
_a200 с. _cцв. ил., табл. _d31 |
||
| 225 | 1 | _aКонструирование и робототехника для дошкольников | |
| 300 | _aАвт. указаны на обороте тит. с. | ||
| 300 | _aЧасть страниц разрезана на три части | ||
| 606 | 1 |
_aКонструирование детское _xДошкольные учреждения _2nlr_sh2 _3RU\NLR\AUTH\661461812 |
|
| 606 | 1 |
_aLego-конструирование _2nlr_sh2 _3RU\NLR\AUTH\661557241 |
|
| 686 | 1 | _aЧ411.375.5 | |
| 701 | 1 |
_aХаламов _bВ. Н. _gВладислав Николаевич |
|
| 701 | 1 |
_aСеменов _bФ. И. _cпреподаватель, робототехника _gФедор Игоревич _3RU\NLR\AUTH\770241371 |
|
| 701 | 1 |
_aФролова _bР. А. _cпреподаватель, робототехника _f1990- _gРафаела Армановна _3RU\NLR\AUTH\770241370 |
|
| 712 | 0 | 2 |
_aДом юношеского технического творчества _cЧелябинск _3RU\NLR\AUTH\880386503 _4570 |
| 942 | _cBOOK | ||
| 980 | _aNB | ||